000 00905nam a22002777a 4500
001 BR2012002302
003 BR-BrBNA
005 20230928103944.0
007 ta
008 230509b bl.||||| |||| 00| 0 por d
040 _aBR-BrBNA
_bpor
_cBiblioteca Nacional de Agricultura
041 _a(Por)
072 _aM01
090 _ M01 BR2012002302
100 1 _aFontes, R.C.L.
110 1 _aUniversidade Federal de Lavras, MG (Brasil)
_0Tese (Mestrado)
245 1 _aAvaliação temporal e espacial da comunidade de peixes no canal de fuga da usina hidrelétrica de Três Marias, Rio São Francisco, MG
260 3 _aLavras, MG (Brasil):
_c2011.
300 _a155 p.
500 _aSummaries (Eng, Por); Several bibliography; 29 illus.; 19 tables
650 _aCOMUNIDADE PESQUEIRA
650 _aHIDRELÉTRICA
650 _aMINAS GERAIS
909 _a202309
_bLucia
_c55
_dLucia Elande
942 _cBK
999 _c77410
_d77410